[Event "San Jose Banco Central op"]
[Site "San Jose"]
[Date "2019.11.05"]
[Round "2"]
[White "Campos Cerdas, Jorge"]
[Black "Espinoza Sevilla, Erick"]
[Result "1/2-1/2"]
[WhiteElo "1777"]
[BlackElo "1540"]
[PlyCount "38"]
[EventDate "2019.10.29"]
[EventType "swiss"]
[EventRounds "7"]
[EventCountry "CRI"]
[SourceTitle "EXT 2021"]
[Source "ChessBase"]
[SourceDate "2020.10.23"]
[SourceVersion "1"]
[SourceVersionDate "2020.10.23"]
[SourceQuality "1"]

1. e4 c5 2. Nf3 d6 3. d4 cxd4 4. Nxd4 Nf6 5. Nc3 a6 6. f3 e6 7. Be3 Be7 8. Qd2 b5 9. 0-0-0 Bb7 10. Kb1 Nc6 11. g4 h6 12. Be2 Qc7 13. Bxb5 axb5 14. Ndxb5 Qd8 15. Nxd6+ Bxd6 16. Qxd6 Qxd6 17. Rxd6 0-0 18. Rf1 Ne5 19. b3 Ba6 1/2-1/2